| 000 | 00978cam a2200181 4500 | ||
|---|---|---|---|
| 001 | WB3946-04 | ||
| 008 | 031202n2003 000 0 eng u | ||
| 035 | _a(Sirsi) u124548 | ||
| 245 | _aRDA targets need links with regional priorities | ||
| 260 | _c2003 | ||
| 490 |
_aRegeneration and Renewal _v 28 November 2003, 12(1) |
||
| 520 | _aRegional development agencies (RDAs) need targets that are more closely linked to regional priorities, claims a National Audit Office report. The report says RDAs feel targets set by central government do not help direct activities to regional priorities. NAO recommends simplyfying the RDAs targets, aligning them more closely with regional strategies and government departments' public service agreement targets. "Success in the regions" is available from http://www.nao.gov.uk. | ||
| 590 | _aWB | ||
| 650 | _aREGIONAL DEVELOPMENT AGENCIES | ||
| 650 | _aREGIONAL DEVELOPMENTS | ||
| 690 | _aPROPERTY-PROPERTY DEVELOPMENT | ||
| 942 | _n0 | ||
| 999 |
_c73912 _d73912 |
||